| 000 | 01637cam a22004334i 4500 | ||
|---|---|---|---|
| 003 | PE-LiUPU | ||
| 005 | 20250731173215.0 | ||
| 008 | 150625s r 000 0 d | ||
| 035 | _a(Sirsi) a32862 | ||
| 040 |
_aPE-LiUPU _bspa _cPE-LiUPU _erda |
||
| 082 | 0 | 4 |
_a221 _bW21 _221 |
| 245 | 0 | 0 |
_aInterlinear Aramaic English Old Testament / _cTraducido por James S. Wallace [and] Frederick J. Schwartz. Ilustrado por Daniel Fernandez. |
| 264 | 1 |
_aMichigan : _bAndrew University, _c1971. |
|
| 300 |
_a135 páginas ; _c27 cm. |
||
| 336 |
_atext _2rdacontent |
||
| 337 |
_aunmediated _2rdamedia |
||
| 338 |
_avolume _2rdacarrier |
||
| 505 | 0 | _aGenesis 31: 47. -Jeremiah 10:11. -Ezra 4:8-24. -Ezra 5:1-17. -Ezra 6: 1-18. -Ezra 7:12-26. -Daniel 2: 4(b)-49. -Daniel 3:1-30. -Daniel 4:1-37. -Daniel 5: 1-31. -Daniel 6:1-29. -Daniel 7: 1-28. | |
| 526 | _aSEG42 | ||
| 526 | _aSEG41 | ||
| 526 | _aSEG40 | ||
| 526 | _aSEG39 | ||
| 526 | _aP94 | ||
| 526 | _aP87 | ||
| 526 | _aP86 | ||
| 526 | _aP85 | ||
| 526 | _aP77 | ||
| 526 | _aP76 | ||
| 526 | _aP35 | ||
| 630 |
_aBiblia. _pA.T. _lInglés _kSelecciones. _f1971. |
||
| 700 | 1 |
_aWallace, James S., _etraductor. |
|
| 700 | 1 |
_aSchwartz, Frederick J., _etraductor. |
|
| 910 | _a | ||
| 942 |
_2ddc _cBOOK |
||
| 949 |
_a221 W21 _wDEWEY _c1 _i38751 _lCCODEBUL1 _mBUL _p00.00 _r0 _sY _tBOOK _u2015-06-25 _xBIBLIOTECA _zUNKNOWN _0COMPRA _o.STAFF. Colección General |
||
| 596 | _a1 | ||
| 999 |
_a221 W21 _wDEWEY _c40561 _i38751 _f2021-11-30 _g5 _lCCODEBUL1 _mBUL _r0 _sY _tBOOK _u2015-6-25 _xTEOLOGIA _zUNKNOWN _0COMPRA _o.STAFF. Colección General _d40561 |
||
| 980 |
_81 _gALBERTO SANCHEZ Responsable de Automatización |
||